01160nam a22001577a 4500008004100000020002900041050001400070100002100084245008800105250001200193260004000205300003300245505063200278650006900910700002300979110907t xxu||||| |||| 00| 0 eng d a0070207860 9780070207868 aBF121.G16 aGarrison, Mark . aStudy guide to accompany Robert S. Feldman Understanding psychologycMark Garrison. a3rd ed  aNew York : bMcGraw-Hill, c©1993. aix, 399 p. :bill. ;c28 cm. aContents: Introduction to psychology -- Psychological research -- The Biology underlying behavior -- Sensation -- Perception -- States of consciousness -- Learning -- Memory -- Cognition and language -- Intelligence -- Motivation and emotion -- Sexuality and gender -- Development: The Beginnings of life -- Development: Adolescence tot he end of life -- Personality -- Health psychology: Stress, coping and health -- Abnormal behavior -- Treatment of abnormal behavior -- Social psychology: Attitudes and social cognition -- Social influence and interaction -- Consumer and industrial-organizational psychology -- Answer key.  aPsychology -- Study and teaching. xPsychology -- Study guides.  aFeldman, Robert S